Pokémon - Les attaques de Bombydou - Statistiques

Statistiques générales
  • Ce quiz a été pris 19 fois
    10 depuis la dernière actualisation
  • Le résultat moyen est 9 sur 11
Statistiques - réponses
Niveaux Types Noms des attaques % Correct
Niveau 48 Insecte Bourdon
100%
Niveau 42 Fée Éclat Magique
100%
Niveau 54 Insecte Papillodanse
100%
Niveau 6 Plante Para-Spore
100%
Niveau 24 Insecte Survinsecte
100%
Niveau 18 Fée Vampibaiser
100%
Départ Fée Vent Féérique
100%
Niveau 36 Ténèbres Passe-Passe
75%
Départ Plante Vole-Vie
75%
Niveau 12 Normal Doux Parfum
50%
Niveau 30 Normal Implore
25%
Aucun quiz correspondant
Distribution des résultats
% des personnes avec chaque résultat
Percentile par nombre de réponses
Votre historique - résultats
Vous n’avez pas pris ce quiz depuis la dernière actualisation